| 000 | 00971cam a2200289 a 4500 | ||
|---|---|---|---|
| 001 | 15289745 | ||
| 003 | OSt | ||
| 005 | 20230605094211.0 | ||
| 008 | 080506s2005 ke a b f000 0 eng | ||
| 010 | _a 2008315222 | ||
| 020 | _a9966708405 | ||
| 040 |
_aDLC _cDLC |
||
| 042 | _alcode | ||
| 043 | _af-ke--- | ||
| 050 | 0 | 0 |
_aJC599.K4 _bK47 2005 |
| 082 |
_a323.49 _bKEN |
||
| 245 | 0 | 0 |
_aKenya : _bthe state of human rights report, 2003-2004 : deficits, critiques, and recommendations. |
| 260 |
_aNairobi : _bKenya National Commission on Human Rights, _cc2005. |
||
| 300 |
_axii, [164] p. : _bcol. ill. ; _c25 cm. |
||
| 504 | _aIncludes bibliographical references (p. 161-[164]). | ||
| 650 | 0 |
_aHuman rights _zKenya. |
|
| 650 | 0 |
_aHuman rights monitoring _zKenya, |
|
| 710 | 2 | _aKenya National Commission on Human Rights. | |
| 906 |
_a7 _bcbc _corigode _d3 _encip _f20 _gy-gencatlg |
||
| 942 |
_2ddc _cBK |
||
| 999 |
_c245 _d245 |
||